000 00716nam a22002297a 4500
005 20190212093016.0
008 190126b xxu||||| |||| 00| 0 eng d
022 _a0304-405X
100 _aFrydman, Carola
245 _aIn search of ideas : Technological innovation and executive pay /
_cFrydman, Carola ; Papanikolou, Dimitris
260 _aAmsterdam
_bElsevier
_c2018
300 _apages 1-24
362 _aOctober 2018
440 _aJournal of Financial Economics
_v130 (1)
_x0304-405X
600 _2Frydman, Carola; Papanikolaou, Dimitris
_91
690 _xPeriodicals
690 _xExecutive compensation
690 _xInequality
690 _xTechnology
690 _xInnovation
942 _2lcc
_cSE
999 _c361260
_d361260